000 00513nam a2200193Ia 4500
003 GCL
008 140319s9999 xx 000 0 eng d
040 _aGCL /
_cGCL
082 0 4 _a843
_bT J
100 1 _aTOURNIER, JACQUES
245 1 0 _aJEANNE DE LUYNES COMTESSE DE VERUE /
_cTOURNIER, JACQUES
700 1 _aTOUREVSKI, MARK
260 _a[S.N] :
_bMERCURE DE FRANCE ،
_c1993
300 _a146 P
490 _aCOLLECTION FOLIO
_v0
650 0 4 _aLITERATURE
650 0 4 _aFRENCH LITERATURE
942 _2ddc
_cBK
999 _c22938
_d22938